<?xml version="1.0" encoding="UTF-8"?>
<collection xmlns:xsi="http://www.w3.org/2001/XMLSchema-instance" xsi:schemaLocation="http://www.loc.gov/MARC21/slim http://www.loc.gov/standards/marcxml/schema/MARC21slim.xsd" xmlns="http://www.loc.gov/MARC21/slim">
 <record>
  <leader>00000cmm a22000004i 4500</leader>
  <controlfield tag="001">UP-99796217611983850</controlfield>
  <controlfield tag="003">Buklod</controlfield>
  <controlfield tag="005">20230215105418.0</controlfield>
  <controlfield tag="006">m    |o  d |      </controlfield>
  <controlfield tag="007">ta</controlfield>
  <controlfield tag="008">140625t20142014flu     o  u        eng d</controlfield>
  <datafield tag="020" ind1=" " ind2=" ">
   <subfield code="a">9781466586475 (e-book : PDF)</subfield>
  </datafield>
  <datafield tag="035" ind1=" " ind2=" ">
   <subfield code="a">(iLib)UPD-00254212169</subfield>
  </datafield>
  <datafield tag="040" ind1=" " ind2=" ">
   <subfield code="a">FlBoTFG</subfield>
   <subfield code="d">DENGII</subfield>
   <subfield code="e">rda</subfield>
  </datafield>
  <datafield tag="041" ind1="0" ind2=" ">
   <subfield code="a">eng</subfield>
  </datafield>
  <datafield tag="084" ind1=" " ind2=" ">
   <subfield code="a">RD 757 W4</subfield>
   <subfield code="b">B37 2014eb</subfield>
  </datafield>
  <datafield tag="100" ind1="1" ind2=" ">
   <subfield code="a">Bastos-Filho, Teodiano Freire</subfield>
   <subfield code="e">author.</subfield>
  </datafield>
  <datafield tag="245" ind1="1" ind2="0">
   <subfield code="a">Devices for mobility and manipulation for people with reduced abilities</subfield>
   <subfield code="c">Teodiano Freire Bastos-Filho, Dinesh Kumar, Sridhar Poosapadi Arjunan.</subfield>
  </datafield>
  <datafield tag="264" ind1=" " ind2="1">
   <subfield code="a">Boca Raton</subfield>
   <subfield code="b">Taylor &amp; Francis</subfield>
   <subfield code="c">[2014]</subfield>
  </datafield>
  <datafield tag="300" ind1=" " ind2=" ">
   <subfield code="a">1 online resource</subfield>
   <subfield code="b">text file, PDF.</subfield>
  </datafield>
  <datafield tag="336" ind1=" " ind2=" ">
   <subfield code="a">text</subfield>
   <subfield code="2">rdacontent</subfield>
  </datafield>
  <datafield tag="337" ind1=" " ind2=" ">
   <subfield code="a">computer</subfield>
   <subfield code="2">rdamedia</subfield>
  </datafield>
  <datafield tag="338" ind1=" " ind2=" ">
   <subfield code="a">online resource</subfield>
   <subfield code="2">rdacarrier</subfield>
  </datafield>
  <datafield tag="504" ind1=" " ind2=" ">
   <subfield code="a">Includes bibliographical references and index.</subfield>
  </datafield>
  <datafield tag="505" ind1="0" ind2=" ">
   <subfield code="a">1. Introduction / Teodiano Freire Bastos-Filho and Dinesh Kant Kumar -- 2. Wheelchairs / Teodiano Freire Bastos-Filho and Dinesh Kant Kumar -- 3. Smart wheelchairs / Andrâe Ferreira, Sandra Mèuller, Wanderley Celeste, Daniel Cavalieri, Alessandro Benevides, Patrick Filgueira, Paulo Amaral, Mâario Sarcinelli-Filho, Teodiano Freire Bastos-Filho, Elisa Perez, and Carlos Soria -- 4. Navigation system for UFES's robotic wheelchair / Fernando Cheein, Celso De La Cruz, Edgard Guimaräaes, Teodiano Freire Bastos-Filho, and Ricardo Carelli -- 5. Assisted route planner for a robotic wheelchair / Mariana Rampinelli Fernandes, Paulo Amaral, Raquel Frizera Vassallo, Teodiano Freire Bastos-Filho, Daniel Pizarro, Juan Carlos Garcia, and Manuel Mazo -- 6. Walkers / Anselmo Frizera-Neto, Arlindo Elias-Neto, Carlos Cifuentes, Carlos Valadäao, Valmir Schneider-Junior, Camilo Dâiaz, Teodiano Freire Bastos-Filho, and Ricardo Carelli -- 7. Manipulation technologies for developing cognitive skills / Carlos Valadäao, Jhon Sarmiento-Vela, Christiane Goulart, Javier Castillo, and Teodiano Freire Bastos-Filho -- 8. Upper-limb prosthetic devices / Sridhar Poosapadi Arjunan, Dinesh Kant Kumar, Leandro Bueno, John Villarejo-Mayor, and Teodiano Freire Bastos-</subfield>
  </datafield>
  <datafield tag="506" ind1=" " ind2=" ">
   <subfield code="a">IP based subscription, on campus and remote access.</subfield>
   <subfield code="c">Access via Electronic Resources of the UPD Engineering Library and University Library web</subfield>
  </datafield>
  <datafield tag="650" ind1=" " ind2="0">
   <subfield code="a">Wheelc.</subfield>
  </datafield>
  <datafield tag="650" ind1=" " ind2="0">
   <subfield code="a">Artificial.</subfield>
  </datafield>
  <datafield tag="650" ind1=" " ind2="0">
   <subfield code="a">Walkers (Orthopedic appa.</subfield>
  </datafield>
  <datafield tag="650" ind1=" " ind2="0">
   <subfield code="a">Electronic.</subfield>
  </datafield>
  <datafield tag="700" ind1="1" ind2=" ">
   <subfield code="a">Kumar, Dinesh</subfield>
   <subfield code="q">(Dinesh K.).</subfield>
  </datafield>
  <datafield tag="700" ind1="1" ind2=" ">
   <subfield code="a">Poosapadi Arjunan, Sridhar.</subfield>
  </datafield>
  <datafield tag="842" ind1=" " ind2=" ">
   <subfield code="a">Electronic Re</subfield>
  </datafield>
  <datafield tag="856" ind1="4" ind2="0">
   <subfield code="u">http://www.crcnetbase.com/isbn/9781466</subfield>
   <subfield code="z">Available for University of the Philippines Diliman College of Engineering via CRCnetBASE. Click here to access</subfield>
  </datafield>
  <datafield tag="856" ind1="4" ind2="8">
   <subfield code="u">https://www-taylorfrancis-com.ezproxy.engglib.upd.edu.ph/books/9780429</subfield>
   <subfield code="z">Also available remotely for University of the Philippines Diliman College of Engineering via CRCnetBASE. Click here to access thru EZproxy</subfield>
  </datafield>
  <datafield tag="856" ind1="1" ind2="0">
   <subfield code="z">(viewed 01 February</subfield>
  </datafield>
  <datafield tag="852" ind1="0" ind2=" ">
   <subfield code="a">UPD</subfield>
   <subfield code="b">DENG-II</subfield>
  </datafield>
  <datafield tag="942" ind1=" " ind2=" ">
   <subfield code="a">Electronic Resource</subfield>
  </datafield>
 </record>
</collection>
